000 00338nam a22001697a 4500
003 UA-OsUOA
001 4777
007 ta
008 20050721b un ||||| |||| 00| 0 ukr d
100 _aBarth
700 _aBarth
942 _cBK
040 _aUA-OsUOA
_cUA-OsUOA
_dUA-OsUOA
245 _aChimera.
_bNovel
955 _a2
650 7 _2UDC
999 _c290939
_d290939